00859nam a2200181Ia 4500020001500000040000800015082002600023245003200049300005100081500004600132500022500178650002600403650001700429710005400446942001000500999001700510952015000527 a9251049432 cIRU a333 FAO 2003 C074 Or.00aAgriculture, food and water aviii, 61 pages :bcolor illustrations ;c25 cm a"World Water Assessment Programme"--cover a"Based on "Water for people--Water for life, the United Nations World water development report ... where it appears as chapter 8 "Securing food for a growing population. "A slightly modified version of chapter 8."--p. iv 0aWater in agriculture. 0aWater-supply2 aWorld Water Assessment Programme (United Nations) cAEDBB c22552d22552 0010406333_000000000000000_FAO_2003_C074_OR70997016aLBCbLBCcC074d2024-01-15o333 FAO 2003 C074 Or.pa35991r2024-01-15w2024-01-15yAEDBB